000 00307nam a2200133Ia 4500
005 20251222143154.0
008 251222s9999||||xx |||||||||||||| ||spa||
020 _a84-294-5827-1
082 _a373.011/O37
100 _aOgborn, Jon
245 0 _aFormas de Explicar:
264 _bSantillana
942 _cLIB
999 _c12787
_d12787